Mega structures

Bibliographic Details
Format: Book
Published: UK : Robert Frederick , 2005
Subjects:

MARC

LEADER 00000cam a2200000 7i4500
001 0000016832
005 20080429.0
008 080429
020 |a 0755458052 
090 0 0 |a 720   |b MEG 
245 1 0 |a Mega structures 
260 |a UK :   |b Robert Frederick ,   |c 2005 
650 0 |a Structures   |x Architecture 
999 |a 0001015676   |b Book   |c Adult Collection   |e Perbadanan Perpustakaan Awam Johor